Āmāra kāla, Āmāra deśa. (Record no. 84968)

MARC details
000 -LEADER
fixed length control field 00539cam a22002171 4500
001 - CONTROL NUMBER
control field sa 68013163
003 - CONTROL NUMBER IDENTIFIER
control field DLC
005 - DATE AND TIME OF LATEST TRANSACTION
control field 20260227112620.0
008 - FIXED-LENGTH DATA ELEMENTS--GENERAL INFORMATION
fixed length control field 890714s1968 ii c 000 0 beno
010 ## - LIBRARY OF CONGRESS CONTROL NUMBER
LC control number sa 68013163
035 ## - SYSTEM CONTROL NUMBER
System control number (OCoLC)20010126
040 ## - CATALOGING SOURCE
Original cataloging agency DLC
Transcribing agency WaU
Modifying agency DLC
042 ## - AUTHENTICATION CODE
Authentication code premarc
050 00 - LIBRARY OF CONGRESS CALL NUMBER
Classification number PK1704
Item number .S37
100 1# - MAIN ENTRY--PERSONAL NAME
Personal name Sarkar, Sudhir Chandra,
Dates associated with a name 1892-
245 10 - TITLE STATEMENT
Title Āmāra kāla, Āmāra deśa.
260 ## - PUBLICATION, DISTRIBUTION, ETC.
Date of publication, distribution, etc. [1968]
300 ## - PHYSICAL DESCRIPTION
Extent 204 p.
Other physical details ports.
Dimensions 23 cm.
500 ## - GENERAL NOTE
General note In Bengali.
650 #0 - SUBJECT ADDED ENTRY--TOPICAL TERM
Topical term or geographic name entry element Authors, Bengali.

No items available.

Powered by Koha